000 00772cam a2200253 a 4500
001 000009365
005 20200929161553.0
008 990422s1993 sp b 000 f spa
020 _a842330888X
035 _a(SpBaP)pu 980000326
040 _aDO-SdBNP
_bspa
_cDLC
_dBNPHU
082 _a863.64
_bT692d, 1993
100 1 _aTorrente Ballester, Gonzalo,
_d1910-1999.
_94745
245 1 0 _aDon Juan /
_cGonzalo Torrente Ballester ; comentado por Carmen Becerra.
250 _a6a ed.
260 _aBarcelona :
_bDestino,
_c1993.
300 _a346 p. ;
_c18 cm.
490 1 _aDestilibro
_v14
650 4 _aNovela española
_91123
650 4 _aLiteratura española
_ySIGLO XX
_93326
830 0 _aDestilibro ;
_v14
_924142
910 _aCatalogación derivada
049 _aBNGR
999 _c9125
_d9125